| 000 | 00438nam a22001817a 4500 | ||
|---|---|---|---|
| 003 | CEME | ||
| 005 | 20210628203705.0 | ||
| 008 | 210318b xxu||||| |||| 00| 0 eng d | ||
| 020 | _a0-10-784814-2 | ||
| 040 | _c. | ||
| 082 | _a006.66 GRA'H | ||
| 100 |
_aHeckbert, Paul S _966867 |
||
| 245 | _aGraphics gems iv | ||
| 260 |
_aNEWYORK _bAP PROFESSIONAL _c1994 |
||
| 300 | _a575P | ||
| 650 |
_aCOMPUTER GRAPHICS _91225 |
||
| 942 |
_cBK _2ddc |
||
| 999 |
_c574745 _d574745 |
||